000 00299nam a22001337a 4500
008 170602b xxu||||| |||| 00| 0 eng d
020 _a9780205585793
041 _aeng
080 _a94(100)
100 _a18
101 _aSHH
245 _aCONNECTIONS AND CONFLICTS
_cJUDGE,E.H
942 _2udc
_cBK
999 _c15831
_d15831